[Event "Basel Carnival op"]
[Site "Basel"]
[Date "2023.02.26"]
[Round "5"]
[White "Nikolov, Rumen"]
[Black "Toktomushev, Teimur"]
[Result "1-0"]
[WhiteElo "2219"]
[BlackElo "2239"]
[PlyCount "61"]
[EventDate "2023.02.24"]
[EventType "swiss"]
[EventRounds "5"]
[EventCountry "SUI"]
[SourceTitle "CBM 213 Extra"]
[Source "ChessBase"]
[SourceDate "2023.05.31"]
[SourceVersion "1"]
[SourceVersionDate "2023.05.31"]
[SourceQuality "1"]

1. e4 c5 2. Nf3 e6 3. d4 cxd4 4. Nxd4 a6 5. Bd3 Bc5 6. Nb3 Ba7 7. Nc3 Nc6 8. Qe2 Nge7 9. Be3 0-0 10. Bxa7 Rxa7 11. 0-0-0 d6 12. f4 e5 13. f5 b5 14. f6 gxf6 15. Rhf1 Be6 16. Qf2 Ng6 17. h4 h5 18. Nd5 f5 19. g4 hxg4 20. h5 Qg5+ 21. Kb1 Nh4 22. Rg1 f4 23. Qb6 Rc8 24. Na5 Qd8 25. Qf2 Nd4 26. Nb3 Qg5 27. Nxd4 exd4 28. Nxf4 Qf6 29. Rdf1 Bd7 30. Qg3 Qg5 31. Rh1 1-0

[Event "Basel Carnival op"]
[Site "Basel"]
[Date "2023.02.25"]
[Round "2"]
[White "Nikolov, Rumen"]
[Black "Savic, Robert"]
[Result "1-0"]
[WhiteElo "2219"]
[BlackElo "1906"]
[PlyCount "81"]
[EventDate "2023.02.24"]
[EventType "swiss"]
[EventRounds "5"]
[EventCountry "SUI"]
[SourceTitle "CBM 213 Extra"]
[Source "ChessBase"]
[SourceDate "2023.05.31"]
[SourceVersion "1"]
[SourceVersionDate "2023.05.31"]
[SourceQuality "1"]

1. e4 c5 2. Nf3 d6 3. d4 cxd4 4. Nxd4 Nf6 5. Nc3 a6 6. g3 e5 7. Nde2 Be7 8. Bg2 b5 9. a4 bxa4 10. Nd5 Nxd5 11. Qxd5 Ra7 12. Be3 Be6 13. Qd2 Rb7 14. 0-0 0-0 15. f4 a5 16. b3 f6 17. f5 Bf7 18. g4 Qd7 19. h4 Rc8 20. Rac1 Rc6 21. g5 Qc8 22. c4 Bd8 23. Kh2 Bb6 24. Bxb6 Rcxb6 25. gxf6 gxf6 26. Qh6 Nd7 27. Rg1 Qf8 28. Bf3+ Kh8 29. Qe3 Nc5 30. Rg2 Be8 31. Rcg1 Bc6 32. Qh6 Rf7 33. Bh5 Rbb7 34. Bxf7 Rxf7 35. Qxf8+ Rxf8 36. Ng3 Nxb3 37. Nh5 Bxe4 38. Rg7 Bxf5 39. Nxf6 Bg6 40. R1xg6 hxg6 41. Rh7# 1-0

[Event "Lienz op 21st"]
[Site "Lienz"]
[Date "2023.02.15"]
[Round "6"]
[White "Nikolov, Rumen"]
[Black "Basso, Pier Luigi"]
[Result "1/2-1/2"]
[WhiteElo "2219"]
[BlackElo "2536"]
[PlyCount "93"]
[EventDate "2023.02.11"]
[EventType "swiss"]
[EventRounds "9"]
[EventCountry "AUT"]
[SourceTitle "CBM 212 Extra"]
[Source "ChessBase"]
[SourceDate "2023.03.31"]
[SourceVersion "1"]
[SourceVersionDate "2023.03.31"]
[SourceQuality "1"]

1. e4 c5 2. Nf3 d6 3. d4 cxd4 4. Nxd4 Nf6 5. Nc3 a6 6. g3 e5 7. Nde2 Be6 8. Bg2 h5 9. h3 Be7 10. Be3 b5 11. f4 Nbd7 12. a4 b4 13. Nd5 a5 14. 0-0 0-0 15. c4 Rc8 16. b3 Nc5 17. Bxc5 Rxc5 18. f5 Bxd5 19. exd5 h4 20. gxh4 Nh5 21. Bf3 Nf4 22. Ng3 Bxh4 23. Ne4 Nxh3+ 24. Kh2 Nf4 25. Ra2 Kh7 26. Rh1 Rh8 27. Kg1 Kg8 28. Rah2 Rh6 29. Kf1 Rc7 30. Qd2 Kf8 31. f6 g5 32. Rf2 Rxf6 33. Bg4 Rh6 34. Bf5 Kg7 35. Rfh2 Rf6 36. Ng3 Kf8 37. Rxh4 gxh4 38. Rxh4 Rg6 39. Rh8+ Rg8 40. Qh2 Qf6 41. Rxg8+ Kxg8 42. Qh7+ Kf8 43. Ne4 Qg7 44. Qxg7+ Kxg7 45. Nxd6 Kf8 46. Nb5 Rc5 47. Nd6 1/2-1/2

[Event "PNWCC vs Europe Hybrid 05"]
[Site "Chess.com INT"]
[Date "2022.05.08"]
[Round "3"]
[White "Nikolov, Rumen"]
[Black "Wu, Derek"]
[Result "0-1"]
[WhiteElo "2252"]
[BlackElo "2187"]
[PlyCount "64"]
[EventDate "2022.05.07"]
[EventType "team-tourn"]
[EventRounds "4"]
[EventCountry "USA"]
[SourceTitle "EXT 2023"]
[Source "ChessBase"]
[SourceDate "2022.10.05"]
[SourceVersion "1"]
[SourceVersionDate "2022.10.05"]
[SourceQuality "1"]
[WhiteTeam "Europe"]
[BlackTeam "PNWCC"]
[BlackTeamCountry "USA"]

1. e4 c5 2. Ne2 Nf6 3. Nbc3 d6 4. g3 d5 5. exd5 Nxd5 6. Bg2 Nxc3 7. Nxc3 e6 8. Qg4 h5 9. Qe4 Nc6 10. 0-0 Be7 11. d4 cxd4 12. Rd1 0-0 13. Ne2 e5 14. c3 Bf6 15. Bf3 g6 16. cxd4 Bf5 17. Qd5 exd4 18. Qb5 d3 19. Bh6 Re8 20. Qxb7 Ne5 21. Bg2 Rb8 22. Qa6 Ng4 23. Be3 Nxe3 24. fxe3 Rxb2 25. Nf4 Rb6 26. Qxa7 Bxa1 27. Rxa1 d2 28. Bd5 Re7 29. Qa4 Rxe3 30. Rd1 Re1+ 31. Kf2 Rxd1 32. Qxd1 Qf6 0-1

[Event "EU-ch U18 25th"]
[Site "Porec"]
[Date "2015.09.30"]
[Round "9"]
[White "Sadikhov, Ulvi Ramil Oglu"]
[Black "Nikolov, Rumen"]
[Result "1-0"]
[WhiteElo "2393"]
[BlackElo "2275"]
[PlyCount "127"]
[EventDate "2015.09.21"]
[EventType "swiss"]
[EventRounds "9"]
[EventCountry "CRO"]
[SourceTitle "EXT 2016"]
[Source "ChessBase"]
[SourceDate "2015.10.08"]
[SourceVersion "1"]
[SourceVersionDate "2015.10.08"]
[SourceQuality "1"]

1. e4 c5 2. Nf3 Nc6 3. d3 g6 4. g3 Bg7 5. Bg2 e6 6. 0-0 Nge7 7. Re1 0-0 8. e5 Qc7 9. Qe2 Rb8 10. Nbd2 a6 11. c3 Nd5 12. h4 h5 13. Nb3 b6 14. Bg5 Bb7 15. d4 cxd4 16. cxd4 d6 17. Rac1 Rbc8 18. Nbd2 dxe5 19. dxe5 Qb8 20. Nc4 Rc7 21. Rcd1 Rd7 22. a4 Ba8 23. Na3 Bb7 24. Nc4 Ba8 25. Na3 b5 26. axb5 axb5 27. Qxb5 Qxb5 28. Nxb5 Rb7 29. Bf1 Rfb8 30. Ra1 Rb6 31. Ra4 Bb7 32. Nc3 Ncb4 33. Nd4 Rc8 34. Ndb5 Bc6 35. Na7 Rc7 36. Nxc6 Rcxc6 37. Ra8+ Kh7 38. Bb5 Rc5 39. Be8 Nc7 40. Na4 Nxa8 41. Nxc5 Nc7 42. Bxf7 Rc6 43. Nd7 Nd3 44. Re2 Nb5 45. Re4 Ra6 46. Be3 Bh6 47. Nc5 Ra1+ 48. Kh2 Ne1 49. Bxh6 Nf3+ 50. Kg2 Nbd4 51. Rxd4 Nxd4 52. Be3 Nf5 53. Bf4 Rb1 54. Bxe6 Ng7 55. Bb3 Rxb2 56. e6 Re2 57. Kf1 Rb2 58. e7 Rb1+ 59. Kg2 Re1 60. Be3 Rb1 61. Bf7 Rb8 62. Nd7 Ra8 63. Nf6+ Kh8 64. Bxg6 1-0

[Event "EU-ch U18 25th"]
[Site "Porec"]
[Date "2015.09.29"]
[Round "8"]
[White "Nikolov, Rumen"]
[Black "Marczuk, Dominik"]
[Result "1-0"]
[WhiteElo "2275"]
[BlackElo "2225"]
[PlyCount "109"]
[EventDate "2015.09.21"]
[EventType "swiss"]
[EventRounds "9"]
[EventCountry "CRO"]
[SourceTitle "EXT 2016"]
[Source "ChessBase"]
[SourceDate "2015.10.08"]
[SourceVersion "1"]
[SourceVersionDate "2015.10.08"]
[SourceQuality "1"]

1. e4 c5 2. Ne2 d6 3. g3 h5 4. Bg2 h4 5. Nbc3 e5 6. d3 Be6 7. f4 hxg3 8. hxg3 Rxh1+ 9. Bxh1 Bg4 10. Be3 Nc6 11. Qd2 Nd4 12. 0-0-0 Qa5 13. Kb1 0-0-0 14. Bg1 Nf6 15. Nxd4 cxd4 16. Ne2 Qxd2 17. Rxd2 Nh5 18. Bh2 g6 19. Ng1 Bh6 20. Rf2 f6 21. Bf3 Bxf3 22. Rxf3 g5 23. fxe5 fxe5 24. g4 Nf4 25. Bxf4 gxf4 26. Rh3 Bg5 27. Nf3 Rg8 28. Rh5 Be7 29. g5 Kd7 30. Kc1 Ke6 31. Kd1 Rg7 32. Ke2 Kf7 33. Kf2 Kg6 34. Rh6+ Kf7 35. c3 dxc3 36. bxc3 Bxg5 37. Rxd6 Bf6 38. Rd7+ Ke6 39. Rxg7 Bxg7 40. Nd2 Bf6 41. Kf3 Bd8 42. Nb3 b6 43. d4 Bh4 44. Ke2 Kd6 45. Nd2 b5 46. dxe5+ Ke6 47. Nf3 Bg3 48. Kf1 a6 49. Ke2 Kd7 50. Nd4 f3+ 51. Nxf3 Bf4 52. Kd3 Ke6 53. Kd4 Bc1 54. Ne1 b4 55. Nd3 1-0

[Event "Prague op-A 14th"]
[Site "Prague"]
[Date "2015.01.12"]
[Round "5"]
[White "Nikolov, Rumen"]
[Black "Weinzettl, Ernst"]
[Result "1-0"]
[WhiteElo "2150"]
[BlackElo "2324"]
[PlyCount "63"]
[EventDate "2015.01.09"]
[EventType "swiss"]
[EventRounds "9"]
[EventCountry "CZE"]
[SourceTitle "CBM 164 Extra"]
[Source "ChessBase"]
[SourceDate "2015.03.02"]
[SourceVersion "1"]
[SourceVersionDate "2015.03.02"]
[SourceQuality "1"]

1. e4 e6 2. d4 d5 3. Nc3 Nf6 4. e5 Nfd7 5. f4 c5 6. Nf3 Nc6 7. Be3 Qb6 8. Na4 Qa5+ 9. c3 b6 10. Bd2 c4 11. b4 Nxb4 12. cxb4 Bxb4 13. Qc2 Bxd2+ 14. Nxd2 b5 15. Nc3 0-0 16. Be2 f6 17. Nf3 b4 18. Nd1 Qb6 19. Nf2 a5 20. 0-0 a4 21. a3 b3 22. Qb2 Ba6 23. Nd1 fxe5 24. fxe5 c3 25. Nxc3 Rxf3 26. Rxf3 Qxd4+ 27. Kh1 Qxe5 28. Bxa6 Rxa6 29. Raf1 Qd6 30. Rf4 h6 31. Nxa4 e5 32. Rb4 1-0

[Event "Wch U18"]
[Site "Durban"]
[Date "2014.09.23"]
[Round "6"]
[White "Nikolov, Rumen"]
[Black "Csonka, Balazs"]
[Result "1/2-1/2"]
[WhiteElo "2172"]
[BlackElo "2412"]
[PlyCount "53"]
[EventDate "2014.09.20"]
[EventType "swiss"]
[EventRounds "11"]
[EventCountry "RSA"]
[SourceTitle "CBM 162 Extra"]
[Source "ChessBase"]
[SourceDate "2014.10.17"]
[SourceVersion "1"]
[SourceVersionDate "2014.10.17"]
[SourceQuality "1"]

1. e4 c6 2. d4 d5 3. e5 Bf5 4. Nd2 e6 5. Nb3 Nd7 6. Nf3 a6 7. Be2 c5 8. dxc5 Bxc5 9. 0-0 Ne7 10. Nxc5 Nxc5 11. Nd4 0-0 12. Nxf5 Nxf5 13. Bg4 Ne7 14. Be3 Rc8 15. c3 Qc7 16. Bd4 b5 17. Qe2 Rfd8 18. Qe3 Re8 19. Rae1 h6 20. Bh3 Ne4 21. g4 Nc6 22. f3 Nxd4 23. cxd4 Ng5 24. Bg2 Qa5 25. f4 Ne4 26. Bxe4 dxe4 27. Qxe4 1/2-1/2

[Event "Vidin Balkan Amateur op 5th"]
[Site "Vidin"]
[Date "2014.08.30"]
[Round "8"]
[White "Petrov, Martin"]
[Black "Nikolov, Rumen"]
[Result "1-0"]
[WhiteElo "2160"]
[BlackElo "2172"]
[PlyCount "87"]
[EventDate "2014.08.23"]
[EventType "swiss"]
[EventRounds "9"]
[EventCountry "BUL"]
[SourceTitle "CBM 162 Extra"]
[Source "ChessBase"]
[SourceDate "2014.10.17"]
[SourceVersion "1"]
[SourceVersionDate "2014.10.17"]
[SourceQuality "1"]

1. e4 g6 2. d4 Bg7 3. Nc3 a6 4. Be3 d6 5. Qd2 b5 6. h4 Bb7 7. f3 Nd7 8. a4 b4 9. Nd1 c5 10. c3 bxc3 11. bxc3 Ngf6 12. Bd3 Qa5 13. Ne2 0-0 14. g4 Rfc8 15. h5 cxd4 16. cxd4 Qxd2+ 17. Kxd2 a5 18. hxg6 hxg6 19. Ndc3 Ba6 20. Rhb1 Bxd3 21. Kxd3 Nb8 22. g5 Nfd7 23. Rb7 Kf8 24. Rab1 Rd8 25. R7b5 Nc6 26. Na2 Rdc8 27. Bd2 e6 28. Nac1 Bxd4 29. Nxd4 Nde5+ 30. Rxe5 Nxe5+ 31. Ke2 Rc4 32. Nb5 Rxa4 33. Nxd6 Rd8 34. Bf4 Rxd6 35. Bxe5 Rd8 36. Bf6 Rc8 37. Nd3 Ra2+ 38. Ke3 a4 39. Rh1 Ke8 40. Ne5 Ra3+ 41. Kf4 Rxf3+ 42. Kxf3 Rc3+ 43. Kf4 Rf3+ 44. Kxf3 1-0

[Event "Vidin Balkan Amateur op 5th"]
[Site "Vidin"]
[Date "2014.08.27"]
[Round "5"]
[White "Nikolov, Rumen"]
[Black "Ustianovich, Nazar"]
[Result "1/2-1/2"]
[WhiteElo "2172"]
[BlackElo "2263"]
[PlyCount "122"]
[EventDate "2014.08.23"]
[EventType "swiss"]
[EventRounds "9"]
[EventCountry "BUL"]
[SourceTitle "CBM 162 Extra"]
[Source "ChessBase"]
[SourceDate "2014.10.17"]
[SourceVersion "1"]
[SourceVersionDate "2014.10.17"]
[SourceQuality "1"]

1. e4 c5 2. Nf3 g6 3. d4 Bg7 4. dxc5 Qa5+ 5. c3 Qxc5 6. Be3 Qc7 7. Bd3 Nf6 8. Qd2 d6 9. Bh6 Bxh6 10. Qxh6 Qb6 11. 0-0 Qxb2 12. Nbd2 Nc6 13. e5 dxe5 14. Ne4 Be6 15. Qg7 0-0-0 16. Nxf6 exf6 17. Qxf6 Qa3 18. Be4 Qe7 19. Qxe7 Nxe7 20. Nxe5 f6 21. Nf3 Bf5 22. Rfe1 Bxe4 23. Rxe4 Nc6 24. Rae1 Kc7 25. h4 Rd3 26. c4 Rhd8 27. Re6 R3d6 28. c5 Rxe6 29. Rxe6 Rf8 30. Nd2 Kd7 31. Rd6+ Ke7 32. Ne4 f5 33. Ng5 Rf6 34. Rxf6 Kxf6 35. Nxh7+ Ke7 36. Ng5 Nb4 37. a3 Nd3 38. c6 bxc6 39. Nf3 c5 40. Kf1 Ke6 41. Nd2 Kd5 42. Ke2 Ne5 43. f3 c4 44. Ke3 c3 45. Nb3 a6 46. Nc1 Kc4 47. g3 a5 48. Ke2 a4 49. Ke3 c2 50. Kd2 Nxf3+ 51. Kxc2 Nd4+ 52. Kb2 f4 53. gxf4 Nf5 54. Kc2 Nxh4 55. Nd3 Kd4 56. Ne5 g5 57. fxg5 Kxe5 58. Kc3 Kd5 59. Kb4 Ng6 60. Kxa4 Kc4 61. Ka5 Kc5 1/2-1/2

[Event "Berlin Werner Ott op"]
[Site "Berlin"]
[Date "2014.07.13"]
[Round "9"]
[White "Lerch, Philipp"]
[Black "Nikolov, Rumen"]
[Result "1/2-1/2"]
[WhiteElo "2197"]
[BlackElo "2071"]
[PlyCount "47"]
[EventDate "2014.07.05"]
[EventType "swiss"]
[EventRounds "9"]
[EventCountry "GER"]
[SourceTitle "CBM 161 Extra"]
[Source "ChessBase"]
[SourceDate "2014.08.29"]
[SourceVersion "1"]
[SourceVersionDate "2014.08.29"]
[SourceQuality "1"]

1. c4 g6 2. g3 Bg7 3. Bg2 e5 4. Nc3 Ne7 5. e4 0-0 6. Nge2 Nbc6 7. 0-0 d6 8. d3 f5 9. Nd5 fxe4 10. dxe4 Bg4 11. f3 Be6 12. Be3 Qd7 13. Qd2 Rad8 14. Rfd1 Nc8 15. c5 N6e7 16. Nxe7+ Qxe7 17. cxd6 Rxd6 18. Qc2 Rfd8 19. Nc3 Rxd1+ 20. Rxd1 Rxd1+ 21. Qxd1 c6 22. Bf1 Bf8 23. Kg2 Qb4 24. Qd2 1/2-1/2

[Event "Wch U16"]
[Site "Al Ain"]
[Date "2013.12.29"]
[Round "11"]
[White "Nikolov, Rumen"]
[Black "Chandran, Kapil"]
[Result "0-1"]
[WhiteElo "2023"]
[BlackElo "2171"]
[PlyCount "160"]
[EventDate "2013.12.18"]
[EventType "swiss"]
[EventRounds "11"]
[EventCountry "UAE"]
[SourceTitle "CBM 158 Extra"]
[Source "ChessBase"]
[SourceDate "2014.02.28"]
[SourceVersion "1"]
[SourceVersionDate "2014.02.28"]
[SourceQuality "1"]

1. e4 c5 2. Nf3 e6 3. d4 cxd4 4. Nxd4 a6 5. Bd3 Nf6 6. Qe2 e5 7. Nf5 g6 8. Ne3 d6 9. Nc3 Be6 10. 0-0 Bg7 11. f4 exf4 12. Ned5 0-0 13. Nxf4 Bg4 14. Qf2 Nc6 15. h3 Be6 16. Be3 Ne5 17. Bb6 Qd7 18. Rad1 Qc6 19. Nfd5 Bxd5 20. exd5 Qc8 21. Bd4 Nfd7 22. Ne4 Qc7 23. c3 Rae8 24. Bb1 b5 25. b3 h6 26. Ng3 Nf6 27. Ne4 Nxe4 28. Bxe4 Nd7 29. Bxg7 Kxg7 30. Qd4+ Ne5 31. Rc1 Rc8 32. Kh1 Qc5 33. Qd2 Rc7 34. Rf4 f5 35. Bb1 Re8 36. a4 Nf7 37. axb5 axb5 38. Rd4 Rce7 39. Bd3 Re5 40. Ra1 Rxd5 41. Bxb5 Rxd4 42. Qxd4+ Qxd4 43. cxd4 Re4 44. Rd1 Nd8 45. Kg1 Ne6 46. d5 Nc7 47. Bc6 Kf6 48. Ra1 Ke5 49. Ra7 Nxd5 50. Rg7 Kf6 51. Rd7 Ke5 52. Rg7 g5 53. Rh7 Rb4 54. Bxd5 Kxd5 55. Rxh6 Rxb3 56. Rh5 Ke4 57. Rxg5 d5 58. Rg8 d4 59. Kf2 Rb2+ 60. Ke1 d3 61. Re8+ Kf4 62. Rd8 Re2+ 63. Kd1 Rxg2 64. Rxd3 Rg3 65. Rd8 Ke3 66. Re8+ Kf3 67. Kd2 f4 68. Rf8 Rxh3 69. Ke1 Rh1+ 70. Kd2 Rf1 71. Rg8 Kf2 72. Rf8 f3 73. Rg8 Re1 74. Rf8 Re7 75. Rg8 Kf1 76. Rg6 f2 77. Rg8 Rd7+ 78. Kc2 Rd5 79. Rf8 Rg5 80. Kd2 Kg2 0-1

[Event "Wch U16"]
[Site "Al Ain"]
[Date "2013.12.21"]
[Round "4"]
[White "Nikolov, Rumen"]
[Black "Toma, Radu Cristian"]
[Result "0-1"]
[WhiteElo "2023"]
[BlackElo "2245"]
[PlyCount "34"]
[EventDate "2013.12.18"]
[EventType "swiss"]
[EventRounds "11"]
[EventCountry "UAE"]
[SourceTitle "CBM 158 Extra"]
[Source "ChessBase"]
[SourceDate "2014.02.28"]
[SourceVersion "1"]
[SourceVersionDate "2014.02.28"]
[SourceQuality "1"]

1. e4 c5 2. Nf3 Nc6 3. d4 cxd4 4. Nxd4 e6 5. Nc3 Qc7 6. g3 a6 7. Bg2 Nf6 8. 0-0 Be7 9. h3 0-0 10. g4 Nxd4 11. Qxd4 Bc5 12. Qd3 d6 13. Be3 Bxe3 14. Qxe3 e5 15. Rad1 Be6 16. Rd2 Rfd8 17. Rfd1 h6 0-1

[Event "Wch U16"]
[Site "Al Ain"]
[Date "2013.12.20"]
[Round "3"]
[White "Nikolov, Rumen"]
[Black "Stremavicius, Titas"]
[Result "0-1"]
[WhiteElo "2023"]
[BlackElo "2279"]
[PlyCount "104"]
[EventDate "2013.12.18"]
[EventType "swiss"]
[EventRounds "11"]
[EventCountry "UAE"]
[SourceTitle "CBM 158 Extra"]
[Source "ChessBase"]
[SourceDate "2014.02.28"]
[SourceVersion "1"]
[SourceVersionDate "2014.02.28"]
[SourceQuality "1"]

1. e4 c5 2. Nf3 Nc6 3. d4 cxd4 4. Nxd4 Nf6 5. Nc3 d6 6. g3 g6 7. Nde2 Bg7 8. Bg2 0-0 9. 0-0 Bd7 10. h3 Rc8 11. Be3 a6 12. a4 Qc7 13. Rc1 Rfd8 14. Nd5 Nxd5 15. exd5 Nb8 16. c3 b5 17. axb5 axb5 18. Bd4 e5 19. dxe6 fxe6 20. Bxg7 Kxg7 21. Ra1 e5 22. Qb3 Qc4 23. Qxc4 bxc4 24. Rfd1 Bf5 25. Ra7+ Kh8 26. Nc1 Rc5 27. g4 Be6 28. Re7 Bg8 29. Na2 Na6 30. Nb4 Nxb4 31. cxb4 Rb5 32. Rb7 Rxb7 33. Bxb7 d5 34. b5 d4 35. Bc6 Bd5 36. Kf1 d3 37. Ke1 Bxc6 38. bxc6 Rd6 39. Kd2 Rxc6 40. Re1 Rf6 41. Ke3 Rb6 42. Rc1 Rb4 43. b3 cxb3 44. Kxd3 b2 45. Rb1 Kg7 46. Kc3 Rb8 47. h4 Kf6 48. f3 e4 49. fxe4 Ke5 50. Kd3 h6 51. h5 g5 52. Ke3 Rb3+ 0-1

[Event "Wch U14"]
[Site "Caldas Novas"]
[Date "2011.11.20"]
[Round "4"]
[White "Nikolov, Rumen"]
[Black "Huber, Martin Christian"]
[Result "0-1"]
[WhiteElo "1916"]
[BlackElo "2120"]
[PlyCount "102"]
[EventDate "2011.11.18"]
[EventType "swiss"]
[EventRounds "9"]
[EventCountry "BRA"]
[SourceTitle "EXT 2013"]
[Source "ChessBase"]
[SourceDate "2012.11.22"]
[SourceVersion "1"]
[SourceVersionDate "2012.11.22"]
[SourceQuality "1"]

1. e4 c5 2. Nf3 Nc6 3. d4 cxd4 4. Nxd4 e6 5. Nc3 Qc7 6. g3 a6 7. Bg2 Nf6 8. 0-0 Be7 9. Be3 0-0 10. a4 d6 11. g4 Nxd4 12. Qxd4 Nxg4 13. Bc1 d5 14. e5 Nxe5 15. Bf4 Bd6 16. Rae1 Nf3+ 17. Bxf3 Bxf4 18. Kh1 f6 19. Bg4 Be5 20. Qd2 f5 21. Bf3 Bxh2 22. Bxd5 Bf4 23. Qd4 exd5 24. Nxd5 Qc6 25. Rg1 Qh6+ 26. Kg2 Bg5 27. Rh1 Qg6 28. Kf1 Be6 29. Rg1 Rad8 30. Rxe6 Qxe6 31. Rxg5 g6 32. c4 Rde8 33. Qd2 Qe4 34. Kg1 Qe1+ 35. Qxe1 Rxe1+ 36. Kg2 Re4 37. b3 Rg4+ 38. Rxg4 fxg4 39. Kg3 Rf3+ 40. Kxg4 Rxf2 41. b4 Rc2 42. Nb6 Kf7 43. b5 axb5 44. cxb5 Ra2 45. Kg5 h5 46. Nc4 Rxa4 47. Nd6+ Ke7 48. Nxb7 Rb4 49. b6 Rxb6 50. Nc5 Rb5 51. Kxg6 Rxc5 0-1

[Event "EU-ch U14"]
[Site "Albena"]
[Date "2011.09.18"]
[Round "7"]
[White "Nikolov, Rumen"]
[Black "Vasilyev, Vasily"]
[Result "1-0"]
[WhiteElo "1865"]
[BlackElo "2107"]
[PlyCount "119"]
[EventDate "2011.09.11"]
[EventType "swiss"]
[EventRounds "9"]
[EventCountry "BUL"]
[SourceTitle "CBM 144 Extra"]
[Source "ChessBase"]
[SourceDate "2011.10.28"]
[SourceVersion "1"]
[SourceVersionDate "2011.10.28"]
[SourceQuality "1"]

1. e4 c5 2. Nf3 d6 3. d4 cxd4 4. Nxd4 Nf6 5. Nc3 Nc6 6. g3 e5 7. Nde2 Be7 8. Bg2 Be6 9. h3 h5 10. Be3 0-0 11. Qd2 Na5 12. b3 Rc8 13. Bxa7 b6 14. Na4 Nd7 15. Nxb6 Nxb3 16. axb3 Nxb6 17. 0-0 Nd7 18. c4 Nc5 19. Bxc5 dxc5 20. Qb2 Qb6 21. Rad1 f6 22. Nc3 Rfd8 23. Qe2 g6 24. f4 Bf7 25. Nd5 Qb7 26. h4 Rf8 27. f5 g5 28. hxg5 fxg5 29. Nxe7+ Qxe7 30. f6 Qe6 31. Qe3 Bg6 32. Qxg5 Kh7 33. Kh2 Ra8 34. Rf2 Qg4 35. Qxe5 Rae8 36. Qf4 Bxe4 37. Qxg4 hxg4 38. Re1 Bg6 39. Rxe8 Rxe8 40. f7 Rf8 41. Bd5 Kg7 42. Rf4 Bh5 43. Kg2 Rb8 44. Kf2 Kf8 45. Re4 Kg7 46. Re5 Bxf7 47. Re7 Rxb3 48. Rxf7+ Kg6 49. Rc7 Kf5 50. Rxc5 Ke5 51. Rb5 Ra3 52. Bf3+ Kd4 53. Bxg4 Kxc4 54. Re5 Kd4 55. Re8 Kd5 56. Kg2 Ra7 57. Bh5 Kd6 58. Kh3 Re7 59. Rxe7 Kxe7 60. Kg4 1-0

[Event "EU-ch U14"]
[Site "Albena"]
[Date "2011.09.12"]
[Round "2"]
[White "Nikolov, Rumen"]
[Black "Bayramov, Elkhan Khayyat"]
[Result "1-0"]
[WhiteElo "1865"]
[BlackElo "2084"]
[PlyCount "51"]
[EventDate "2011.09.11"]
[EventType "swiss"]
[EventRounds "9"]
[EventCountry "BUL"]
[SourceTitle "CBM 144 Extra"]
[Source "ChessBase"]
[SourceDate "2011.10.28"]
[SourceVersion "1"]
[SourceVersionDate "2011.10.28"]
[SourceQuality "1"]

1. e4 c5 2. Nf3 d6 3. d4 cxd4 4. Nxd4 Nf6 5. Nc3 e6 6. g3 Be7 7. Bg2 0-0 8. 0-0 Bd7 9. Be3 Nc6 10. f4 e5 11. Nf5 Bxf5 12. exf5 Qd7 13. g4 Rad8 14. g5 Ne8 15. Be4 f6 16. Bd5+ Kh8 17. Be6 Qc7 18. Nd5 Qb8 19. g6 h6 20. fxe5 fxe5 21. Qh5 Nf6 22. Nxf6 Rxf6 23. Bxh6 Rxe6 24. Bc1+ Kg8 25. Qh7+ Kf8 26. Qh8# 1-0

[Event "Baharov Memorial op 17th"]
[Site "Sofia"]
[Date "2009.11.21"]
[Round "4"]
[White "Krastev, Goran"]
[Black "Nikolov, Rumen"]
[Result "1-0"]
[WhiteElo "2016"]
[BlackElo "1771"]
[PlyCount "89"]
[EventDate "2009.11.18"]
[EventType "swiss"]
[EventRounds "7"]
[EventCountry "BUL"]
[SourceTitle "CBM 133 Extra"]
[Source "ChessBase"]
[SourceDate "2010.01.05"]
[SourceVersion "1"]
[SourceVersionDate "2010.01.05"]
[SourceQuality "1"]

1. e4 c5 2. b4 cxb4 3. d4 e6 4. a3 d5 5. e5 bxa3 6. Bxa3 Bxa3 7. Nxa3 Qa5+ 8. Qd2 Qxd2+ 9. Kxd2 Bd7 10. Ne2 Ne7 11. Nc3 a6 12. Nab5 0-0 13. Nc7 Ra7 14. N3b5 Bxb5 15. Nxb5 Ra8 16. Nd6 Ra7 17. Bd3 Nbc6 18. c3 b5 19. f4 Nc8 20. Nxc8 Rxc8 21. Rhb1 Rb8 22. Ke3 Kf8 23. g4 g6 24. f5 Ke7 25. h4 Kd7 26. fxe6+ fxe6 27. Rf1 Ke7 28. h5 gxh5 29. gxh5 Rh8 30. Rg1 Kd8 31. h6 b4 32. Rg7 Rxg7 33. hxg7 Rg8 34. Rg1 Ke7 35. Bxh7 Kf7 36. Bxg8+ Kxg8 37. cxb4 Nxb4 38. Rg6 a5 39. Kd2 Nc6 40. Kc3 Nb4 41. Rxe6 Kxg7 42. Rb6 Na2+ 43. Kb2 Nb4 44. Rxb4 axb4 45. Kb3 1-0